Soft skills for everyone (Record no. 188419)

000 -LEADER
fixed length control field 00353nam a2200133Ia 4500
008 - FIXED-LENGTH DATA ELEMENTS--GENERAL INFORMATION
fixed length control field 220217s9999||||xx |||||||||||||| ||und||
020 ## - INTERNATIONAL STANDARD BOOK NUMBER
International Standard Book Number 9788131514672
082 ## - DEWEY DECIMAL CLASSIFICATION NUMBER
Classification number 658.45
100 ## - MAIN ENTRY--PERSONAL NAME
Personal name Butterfield, Jeff
9 (RLIN) 10174
245 #0 - TITLE STATEMENT
Title Soft skills for everyone
260 ## - PUBLICATION, DISTRIBUTION, ETC.
Place of publication, distribution, etc. Cengage learning
Name of publisher, distributor, etc. New Delhi
Date of publication, distribution, etc. 2018
300 ## - PHYSICAL DESCRIPTION
Extent 638p.
Other physical details 499
650 ## - SUBJECT ADDED ENTRY--TOPICAL TERM
Topical term or geographic name entry element Placement
Holdings
Withdrawn status Lost status Damaged status Not for loan Collection code Home library Current library Shelving location Date acquired Full call number Barcode Date last seen Price effective from Koha item type
        Humanity Science Central Library Central Library Book Cart 02/18/2022 658.45 23608 02/18/2022 02/18/2022 Books

Powered by Koha